Pays Voulant le Plus Rejoindre l'Union Européenne - Statistiques

Statistiques générales
  • Ce quiz a été pris 79 fois
  • Le résultat moyen est 11 sur 14
Statistiques - réponses
Approbation Pays % Correct
87 % Ukraine
96%
35 % Serbie
91%
56 % Turquie
88%
90 % Kosovo
85%
79 % Macédoine du Nord
85%
7 % Suisse
85%
94 % Albanie
84%
35 % Norvège
84%
83 % Monténégro
81%
83 % Bosnie-Herzégovine
79%
61 % Moldavie
73%
83 % Géorgie
72%
47 % Islande
72%
48 % Royaume-Uni
65%
Aucun quiz correspondant
Distribution des résultats
% des personnes avec chaque résultat
Percentile par nombre de réponses
Votre historique - résultats
Vous n’avez pas pris ce quiz